LEADER 02134nam a2200289 4500 001 000000360793 003 CaOOAMICUS 005 20241121083614.0 008 241121s2024 it 000 u ita r 020 $a978-88-399-3463-5 040 $aSeMil$bita 245 00$aRipensare la penitenza :$bla terza forma del rito: eccezione o risorsa? /$cRoberto Bischer, Andrea Toniolo (edd.) ; prefazione di Marco Busca. 264 1$aBrescia :$bQueriniana,$c2024. 300 $a263 p. ;$c20 cm 490 1 $aGiornale di teologia ;$v463 505 00$aForme e riforme della riconciliazione / Marco Busca. -- La terza forma : la vicenda, il rito e le questioni / Giulio Viviani. -- Questioni canoniche relative alla terza forma / Pierpaolo Dal Corso. -- Penitenza in tempo di pandemia : il vissuto liturgico-pastorale / Elena Massimi. -- Le forme della penitenza : risorse inattuate o inattuali? / Loris Della Pietra. -- Il quarto sacramento : rilettura teologico-fondamentale / Roberto Bischer. -- La terza forma : prospettiva teologico-morale / Andrea Gaino. -- Il perdono : quali sfide per l'immagine della Chiesa? / Alessio Dal Pozzolo. -- Proposte per un rinnovo della prassi penitenziale / Ezio Falavegna. -- Un'indagine sulla terza forma : dati e riflessione / Simone Zonato. -- Aspetti pedagogico-pastorali del quarto sacramento / Assunta Steccanella 650 4$aPenitenza - Teologia cristiana.$0(OLS)http://semarc/subject/56691 700 1 $aBischer, Roberto.$0(OLS)http://semarc/name/120968 700 1 $aBusca, Marco,$d<1951- >.$0(OLS)http://semarc/name/44722 700 1 $aToniolo, Andrea,$d<1964- >.$0(OLS)http://semarc/name/23903 830 0$aGiornale di teologia ;$v463.$0(OLS)http://semarc/title/419620 850 $aSeMil 852 $aSeMil$W1$xVenegono$y1$m2XA G 463$j252473$B251795$CSeMilBibl$Z2$F251795 $81 996 $6020$a978-88-399-3463-5$9(OLS)http://semarc/number/301830 996 $6245$aRipensare la penitenza :$bla terza forma del rito: eccezione o risorsa?$9(OLS)http://semarc/title/451350 996 $6264$aBrescia :$bQueriniana$9(OLS)http://semarc/publisher/29615 LEADER 01371nam a2200277 i 4500 001 000000041571 003 CaOOAMICUS 005 20080402000000.0 008 080402s1968 it u000 u ita u 013 $a12741 040 $aSeMil$bita 245 13$aLa Chiesa e la pace :$bscelta di documenti pontifici da Leone 13. a Paolo 6. /$ca cura di G.B. Guzzetti, Carlo Marcora, Gerolamo Bassani ; presentazione di Giovanni Colombo. 260 $aPessano con Bornago (MI) :$bMimep-Docete,$cimprim. 1968. 300 $a140 p. ;$c20 cm. 500 $aFondo Card. Giovanni Colombo. 650 4$aPace - Concezione cristiana.$0(OLS)http://semarc/subject/1623 700 1 $aBassani, Gerolamo.$0(OLS)http://semarc/name/20467 700 1 $aGuzzetti, Giovanni Battista,$c.$0(OLS)http://semarc/name/249 700 1 $aMarcora, Carlo,$c.$0(OLS)http://semarc/name/7153 700 1 $aColombo, Giovanni,$c.$0(OLS)http://semarc/name/1549 850 $aSeMil 852 $aSeMil$W1$xVenegono$y1$m2A I 26 °$j7726$B7726$CSeMilBibl$Z2$F7726 $81 941 1 $a3 961 $aLascito: Colombo Card. Giovanni 996 $6245$aLa Chiesa e la pace :$bscelta di documenti pontifici da Leone 13. a Paolo 6.$9(OLS)http://semarc/title/60284 996 $6260$aPessano con Bornago (MI) :$bMimep-Docete$9(OLS)http://semarc/publisher/30068